000 01609cam a2200313 i 4500
003 SA-RiAUC
005 20241102130233.0
008 241030s1997 le g 00000 ara c
040 _aSA-JeALM
_bara
_cSA-RiAUC
_erda
082 0 4 _a258.1
090 _a258.1
_bط ح ط
100 1 _aالطحطاوي، أحمد بن محمد بن إسماعيل،
_dتوفي 1231 هجري
_eمؤلف.
245 1 0 _aحاشية الطحطاوي على مراقي الفلاح :
_bشرح نور الإيضاح لحسن بن عمار بن علي الشرنبلالي في مذهب الإمام الأعظم أبي حنيفة رضي الله عنه /
_cلأحمد بن محمد إسماعيل الطحطاوي الحنفي ؛ ضبطه وصححه محمد عبد العزيز الخالدي.
250 _aالطبعة الأولى.
264 1 _aبيروت :
_bدارالكتب العلمية،
_c1997
300 _a755 صفحة ؛
_c25 سم
336 _aنص
_btxt
_2rdacontent
_3كتاب
337 _aبدون وسيط
_bn
_2rdamedia
338 _aمجلد
_bnc
_2rdacarrier
650 7 _aالفقه السني
_2aucsh
650 7 _aالفقه الإسلامي
_xمذاهب
_2aucsh
650 7 _aالفقه الحنفي
_2aucsh
700 1 2 _aالشرنبلالي، حسن بن عمار بن علي،
_d994-1069 هجري
700 1 _aالخالدي، محمد عبد العزيز
_eمراجع.
740 0 2 _aنور الإيضاح في مذهب الإمام الأعظم أبي حنيفة رضي الله عنه.
740 0 _aمراقي الفلاح.
942 _2ddc
_cBOOK
_n0
949 _aSA-JeALM
_d241030
_ukhaled123
_n1
999 _c1977
_d1977